000 00933nam a22002297a 4500
008 160601b xxu||||| |||| 00| 0 eng d
020 _a8878135283
020 _a9788878135284
082 _a759.949.2
_bM741p
100 _aPiet Mondrian; Yve Alain Bois
_95120
245 _aPiet Mondrian 1872-1944
_cPiet Mondrian; Yve Alain Bois
260 _aBern, Alemania
_bBenteli Verl
_c1995.
300 _a 408 pag
_bill.
_c31 cm
505 _tBruikleengevers
_tVoorwoord
_tDankwoord
_tinleiding
_tChronologie
_rJoop Joosten en Angelica Zander Rudenstine
_tCatalogus
_rJoop Joosten en Angelica Zander Rudenstine
_tDe Beeldenstormer
_rYve-Alain Bois
_tIn de leer bij de ervaring
_rHans Janssen
_tTentoonstellingen
_tLiteratuur
650 _aPintura
_94664
653 _aPintura-Holanda
653 _aArte Moderno
653 _aPintores Holandeses
653 _aPiet Mondrian 1872-1944
700 _aPiet Mondrian
_95121
700 _aYve Alain Bois
_95122
999 _c933
_d933